| 000 | 00815nam a22002177a 4500 | ||
|---|---|---|---|
| 003 | OSt | ||
| 005 | 20150408114117.0 | ||
| 008 | 130209s2012 sy ||||f |||| 00| 0 ara d | ||
| 020 | _a9789933132217 | ||
| 040 | _aMU | ||
| 082 |
_221 _a005.369 _bش ل ص |
||
| 110 | 2 |
_aشعاع للنشر والعلوم. _bلجنة الترجمة والتأليف. _914489 |
|
| 245 | 1 | 2 |
_aالصيغ والدالات في Excel 2010 / _cلجنة الترجمة والتأليف. |
| 246 | 3 | 0 | _aExcel 2010 |
| 260 |
_aحلب، سوريا : _bشعاع للنشر والعلوم، _c2012. |
||
| 300 |
_a876 ص. : _bإيض. ؛ _c24 سم. + _e1CD-ROM (43/4 IN.) |
||
| 500 | _aملاحق : ص. 809-854. | ||
| 630 | 4 |
_aمايكروسوفت إكسل _915529 |
|
| 650 | 4 | _aجداول البيانات الإلكترونية | |
| 942 |
_2ddc _cDVD |
||
| 999 |
_c27825 _d262325 |
||